Responses for Show #5822 - Tuesday, December 29, 2009

Stephen Weingarten game 4.

Contestants

[<< previous game]

Breanne Reinhard Smith, a writer from Arcola, Illinois

Chris Gleason, a purchasing agent originally from San Diego, California

Stephen Weingarten, a paraeducator from Portland, Oregon (whose 3-day cash winnings total $78,298)

[next game >>]

Jeopardy! Round responses

THE SMITHS
BIBLE BOOKS BY QUOTATION
YOU'RE ALL WET
JAVA, THE HUT
NAME THAT SPORT
I CAN DO IT IN 5 "NOTE"S
    $200 15
John Smith

Stephen
    $200 18
Genesis

Breanne
    $200 1
Canada

Stephen
    $200 26
McDonald's

Breanne
    $200 5
golf

Chris
    $200 10
a C-note

Chris
    $400 17
Buffalo Bob Smith

Chris
    $400 22
Exodus

Breanne
    $400 2
a waterfall

Stephen
    $400 27
caffeine

Stephen
    $400 6
soccer

Chris
    $400 11
footnotes

Breanne
    $1,200 19
Joseph Smith

Breanne
    $600 23
Jonah

Breanne
    $600 3
the Great Salt Lake

Stephen
    $600 28
Starbucks

Chris
    $600 7
tennis

Chris
    $600 12
keynote

Chris
    $800 20
Bessie Smith

Triple Stumper
    $800 24
Job

Breanne
    $800 4
the Gulf Stream

Chris
    $800 29
Krispy Kreme

Stephen
    $800 8
volleyball

Chris
    $800 13
a half-note

Chris
    $1000 21
Ian Smith

Triple Stumper
    $1000 25
Revelation

Stephen
    $1000 16
(Alex: Yes, Atlas.)

the Atlantic

Stephen
    $1000 30
Juan Valdez

Chris
    $1000 9
bowling

Chris
    $1000 14
(Stephen: What is denote?)

connote

StephenBreanne

Scores at the first commercial break (after clue 15):

Stephen Chris Breanne
$400 $5,400 $1,400

Scores at the end of the Jeopardy! Round:

Stephen Chris Breanne
$3,600 $7,400 $4,800

Double Jeopardy! Round responses

UNCIVIL UNREST
ACTORS & THEIR ROLES
MEALTIME LIT
BRAND "X"
(Alex: Each correct response will contain an "X".)
WE HAWK OLD INVENTIONS
LITTLE-USED WORDS
    $400 11
his shoes

Stephen
    $400 6
Tom Cruise

Stephen
    $400 2
Breakfast at Tiffany's

Chris
    $400 3
(Breanne: What is Noxzema?)

Kleenex

Breanne
Triple Stumper
    $400 19
Gutenberg

Chris
    $400 1
a blessing

Breanne
    $800 12
Tiananmen Square

Stephen
    $800 7
Julia Roberts

Breanne
    $800 22
(Stephen: What is The Mosquito Coast?)

Picnic

Stephen
Triple Stumper
    $800 4
Lexus

Stephen
    $800 26
Edison

Stephen
    $800 18
egg-white

Stephen
    $1200 13
the Boston Tea Party

Chris
    $1200 8
Ben Affleck

Breanne
    $1200 23
Dinner at the Homesick Restaurant

Triple Stumper
    $1200 5
Twix

Breanne
    $1200 27
(Clarence) Birdseye

Chris
    $3,600 20
time

Chris
    $1600 14
International Monetary Fund

Chris
    $1600 9
Keira Knightley

Breanne
    $1600 24
Douglas Adams

Chris
    $1600 16
(Stephen: What is Intel?)

Texas Instruments

Stephen
Triple Stumper
    $1600 28
John Deere

Breanne
    $1600 21
(Chris: What is a mustache?)

sideburns

ChrisBreanne
    $2000 15
the Haymarket Riots

Triple Stumper
    $2000 10
Kurt Russell

Stephen
    $2000 29
Naked Lunch

Stephen
    $3,600 17
(Chris: What is K'nex?)

Matchbox

Chris
    $2000 30
(Friedrich) Mohs

Chris
    $2000 25
a ship

Triple Stumper

Scores at the end of the Double Jeopardy! Round:

Stephen Chris Breanne
$9,200 $14,200 $12,800

[wagering suggestions for these scores]

Final Jeopardy! Round responses

AMERICAN MUSIC
StephenWhat is Porgy?
$9,192
BreanneWhat is
$7,800
ChrisWhat is Unsinkable?
$13,000
Porgy

Final scores:

Stephen Chris Breanne
$18,392 $1,200 $5,000
4-day champion: $96,690 3rd place: $1,000 2nd place: $2,000

Game dynamics:

Coryat scores:

Stephen Chris Breanne
$9,200 $15,400 $12,200
16 R,
3 W
20 R
(including 1 DD),
2 W
(including 1 DD)
15 R
(including 1 DD),
1 W

Combined Coryat: $36,800

[game clues] [game scores] [suggest correction]

Game tape date: 2009-11-11
The J! Archive is created by fans, for fans. Scraping, republication, monetization, and malicious use prohibited; this site may use cookies and collect identifying information. See terms. The Jeopardy! game show and all elements thereof, including but not limited to copyright and trademark thereto, are the property of Jeopardy Productions, Inc. and are protected under law. This website is not affiliated with, sponsored by, or operated by Jeopardy Productions, Inc. Join the discussion at JBoard.tv.